Detalles MARC
| 000 -CABECERA |
| campo de control de longitud fija |
00859nam a2200217 a 4500 |
| 001 - NÚMERO DE CONTROL |
| campo de control |
000047910 |
| 005 - FECHA Y HORA DE LA ÚLTIMA TRANSACCIÓN |
| campo de control |
20201002060815.0 |
| 008 - DATOS DE LONGITUD FIJA--INFORMACIÓN GENERAL |
| campo de control de longitud fija |
181003s2004 dr 000 0 spa d |
| 020 ## - NÚMERO INTERNACIONAL ESTÁNDAR DEL LIBRO |
| Número Internacional Estándar del Libro |
9687346930 |
| 040 ## - FUENTE DE LA CATALOGACIÓN |
| Centro catalogador/agencia de origen |
DO-SdBNP |
| Lengua de catalogación |
spa |
| Centro/agencia transcriptor |
BNPHU |
| 082 ## - NÚMERO DE LA CLASIFICACIÓN DECIMAL DEWEY |
| Número de clasificación |
xx |
| Número de documento/Ítem |
xx |
| 111 2# - ENTRADA PRINCIPAL--NOMBRE DE CONGRESO/REUNIÓN |
| Nombre de congreso/reunión o jurisdicción como elemento de entrada |
Conferencia Internacional de Seguridad Social |
| Fecha del congreso/reunión |
([2004 : |
| Sede del congreso/Lugar de la reunión |
México]) |
| 9 (RLIN) |
75469 |
| 245 13 - MENCIÓN DE TÍTULO |
| Título |
La salud del adulto mayor : |
| Resto del título |
temas y debates / |
| Mención de responsabilidad, etc. |
Presentación Onofre Muñoz ; editores Carmen García Peña, Luis Durán Arenas. |
| 260 ## - PUBLICACIÓN, DISTRIBUCIÓN, ETC. |
| Lugar de publicación, distribución, etc. |
México : |
| Nombre del editor, distribuidor, etc. |
Instituto Mexicano del Seguro Social, |
| Fecha de publicación, distribución, etc. |
2004. |
| 300 ## - DESCRIPCIÓN FÍSICA |
| Extensión |
286 P. : |
| Otras características físicas |
il., gráf. ; |
| Dimensiones |
26 cm. |
| 500 ## - NOTA GENERAL |
| Nota general |
Incluye referencias bibliográficas y notas al pie de las páginas |
| 504 ## - NOTA DE BIBLIOGRAFÍA, ETC. |
| Nota de bibliografía, etc. |
Bibliografía : p. 286 |
| 590 ## - NOTA LOCAL (RLIN) |
| Nota local |
Inventariado, 2018/VM |
| 700 1# - PUNTO DE ACCESO ADICIONAL--NOMBRE DE PERSONA |
| Nombre de persona |
García Peña, Carmen |
| Término indicativo de función/relación |
ed. |
| 9 (RLIN) |
75470 |
| 700 1# - PUNTO DE ACCESO ADICIONAL--NOMBRE DE PERSONA |
| Nombre de persona |
Durán Arenas, Luis |
| Término indicativo de función/relación |
ed. |
| 9 (RLIN) |
75471 |